América Central hacia el 2000 /

Guardado en:
Bibliografiske detaljer
Hovedforfatter: Torres Rivas, Edelberto
Institution som forfatter: FLACSO
Andre forfattere: coord
Format: Texto
Udgivet: s.l.: FLACSO
Tags: Tilføj Tag
Ingen Tags, Vær først til at tagge denne postø!

MARC

LEADER 00000 a a2200000 04500
001 22627
003
040
090 |a 155000  
100 |a Torres Rivas, Edelberto  
110 |a FLACSO  
245 |a América Central hacia el 2000 /  |c Edelberto Torres Rivas 
260 |a s.l.:   |b FLACSO  
300 |a 19 p.  
700 |a coord  
999 |c 14791  |d 14791